Statistics for Independence from Whom - Click Quiz

Click here to take the quiz!

General Stats

  • This quiz has been taken 19 times
  • The average score is 42 of 62

Answer Stats

HintAnswer% Correct
PeruSpain
94%
EritreaOthers
88%
BelarusSoviet Union
88%
LithuaniaSoviet Union
88%
ArgentinaSpain
88%
MexicoSpain
88%
VenezuelaSpain
88%
CanadaUnited Kingdom
88%
AlgeriaFrance
81%
NigerFrance
81%
BrazilPortugal
81%
GeorgiaSoviet Union
81%
LatviaSoviet Union
81%
ChileSpain
81%
ParaguaySpain
81%
United StatesUnited Kingdom
81%
MaltaUnited Kingdom
81%
ZimbabweUnited Kingdom
81%
BeninFrance
75%
CambodiaFrance
75%
ChadFrance
75%
MauritaniaFrance
75%
IndonesiaNetherlands
75%
MontenegroOthers
75%
San MarinoOthers
75%
IcelandOthers
75%
AngolaPortugal
75%
EcuadorSpain
75%
PakistanUnited Kingdom
75%
QatarUnited Kingdom
75%
D.R. CongoBelgium
69%
Burkina FasoFrance
69%
GuineaFrance
69%
SurinameNetherlands
69%
South SudanOthers
69%
AlbaniaOthers
69%
Cape VerdePortugal
69%
Equatorial GuineaSpain
69%
BahrainUnited Kingdom
69%
GuyanaUnited Kingdom
69%
CameroonFrance
63%
VietnamFrance
63%
TogoFrance
63%
NamibiaOthers
63%
OmanUnited Kingdom
63%
GhanaUnited Kingdom
63%
Guinea-BissauPortugal
56%
TuvaluUnited Kingdom
56%
RwandaBelgium
50%
BurundiBelgium
50%
BangladeshOthers
50%
MauritiusUnited Kingdom
50%
KiribatiUnited Kingdom
50%
PhilippinesUnited States
50%
MongoliaOthers
44%
BruneiUnited Kingdom
44%
AfghanistanUnited Kingdom
44%
Marshall IslandsUnited States
44%
F.S. MicronesiaUnited States
38%
Papua New GuineaAustralia
31%
RomaniaSoviet Union
31%
SamoaOthers
25%

Score Distribution

Percentile by Number Answered

Percent of People with Each Score

Your Score History

You have not taken this quiz